|
|
|
|
| LEADER |
00678cam a2200169 7i4500 |
| 001 |
0000021294 |
| 005 |
20080602090000.0 |
| 090 |
0 |
0 |
|a S.AF 641.2
|b SOF
|
| 245 |
0 |
0 |
|a Soft drinks in South Africa :
|b Euromonitor International GMID :
|b Euromonitor International GMID :
|b October 2007.
|
| 260 |
0 |
0 |
|a London:
|b Euromonitor International,
|c 2007.
|
| 300 |
# |
# |
|a [v.p].
|
| 650 |
0 |
0 |
|a Soft drinks --
|x Markets --
|z South Africa
|
| 650 |
0 |
0 |
|a Fruit juice --
|x Markets --
|z South Africa
|
| 650 |
0 |
0 |
|a Carbonated drinks --
|x Markets --
|z South Africa
|
| 650 |
0 |
0 |
|a Battled water --
|x Markets --
|z South Africa
|
| 651 |
0 |
0 |
|a South Africa
|
| 999 |
|
|
|a B000022328
|b Book
|c Countries
|e Business Information Centre
|